000
00307nam a22001337a 4500
020
_a
08-016830-2
082
_a
621.31042 HIN'E
100
_a
HINDMARSH, J
_9
57322
245
_a
ELECTRICAL MACHINES AND THEIR APPLICATIONS
250
_a
3RD
260
_a
LONDON
_b
ELBS
_c
1970
300
_a
640P
942
_c
BK
999
_c
583819
_d
583819